[Event "PHI-ch"]
[Site "Manila"]
[Date "2017.09.09"]
[Round "6"]
[White "Jota, Jonathan"]
[Black "Concio, Michael Jr"]
[Result "1/2-1/2"]
[WhiteElo "2101"]
[BlackElo "1688"]
[PlyCount "80"]
[EventDate "2017.09.06"]
[EventType "tourn"]
[EventRounds "11"]
[EventCountry "PHI"]
[EventCategory "1"]
[SourceTitle "CBM 180 Extra"]
[Source "ChessBase"]
[SourceDate "2017.10.06"]
[SourceVersion "1"]
[SourceVersionDate "2017.10.06"]
[SourceQuality "1"]

1. b3 Nf6 2. Bb2 d6 3. c4 Nbd7 4. g3 g6 5. Bg2 Bg7 6. e3 c6 7. Ne2 Qc7 8. 0-0 0-0 9. d4 b6 10. Nbc3 Bb7 11. h3 a6 12. Rc1 c5 13. d5 Kh8 14. Qd2 Rad8 15. Rcd1 Rfe8 16. g4 Nf8 17. Ng3 h6 18. f4 N8h7 19. e4 Ng8 20. Nce2 e5 21. fxe5 Bxe5 22. Nf4 Qe7 23. Nd3 f6 24. Ne2 Bc8 25. Nef4 Kg7 26. Rf2 Ng5 27. Rdf1 Nf7 28. Nxe5 Nxe5 29. Nd3 Rf8 30. Qe3 Rde8 31. Qg3 g5 32. Qe3 Qd8 33. Qg3 Qe7 34. Rc1 a5 35. Rcf1 Qd8 36. a4 Qe7 37. Nc1 Qd8 38. Nd3 Qe7 39. Bc3 Qd8 40. Bh1 Qd7 1/2-1/2

[Event "PHI-ch"]
[Site "Manila"]
[Date "2017.09.08"]
[Round "4"]
[White "Jota, Jonathan"]
[Black "Barcenilla, Rogelio"]
[Result "1/2-1/2"]
[WhiteElo "2101"]
[BlackElo "2457"]
[PlyCount "108"]
[EventDate "2017.09.06"]
[EventType "tourn"]
[EventRounds "11"]
[EventCountry "PHI"]
[EventCategory "1"]
[SourceTitle "CBM 180 Extra"]
[Source "ChessBase"]
[SourceDate "2017.10.06"]
[SourceVersion "1"]
[SourceVersionDate "2017.10.06"]
[SourceQuality "1"]

1. b3 e5 2. Bb2 Nc6 3. e3 d5 4. Bb5 Bd6 5. f4 f6 6. fxe5 fxe5 7. Nf3 Nh6 8. 0-0 Nf7 9. Qe1 0-0 10. Bxc6 bxc6 11. d3 Qe7 12. e4 d4 13. Nbd2 Nh6 14. Qh4 Rf6 15. h3 Bd7 16. Rf2 Raf8 17. Raf1 Qe8 18. Nc4 Nf7 19. Bc1 Be6 20. g4 Bxc4 21. bxc4 Re6 22. Qg3 Nh8 23. Nh4 Rxf2 24. Qxf2 Bf8 25. Qd2 Nf7 26. Nf3 Qb8 27. Qf2 Qe8 28. Qd2 Qb8 29. Qf2 Qe8 30. Bd2 c5 31. Ba5 Bd6 32. Rb1 Rf6 33. Qg3 Nd8 34. Rb8 Rf8 35. Qh4 h6 36. Bd2 Qf7 37. Qg3 Ne6 38. Rxf8+ Qxf8 39. g5 h5 40. Nh4 Qe8 41. Qf3 g6 42. Qf6 Nf8 43. Kf1 Qf7 44. Qxf7+ Kxf7 45. Ke1 Ne6 46. Kd1 Nd8 47. Kc1 Nc6 48. Kb2 a6 49. Kb3 Be7 50. Nf3 Bd6 51. Bc1 Ke6 52. Ba3 Na5+ 53. Ka4 Nb7 54. Nd2 Be7 1/2-1/2

[Event "Olongapo City Puregold op-B"]
[Site "Olongapo City"]
[Date "2015.11.20"]
[Round "7"]
[White "Miciano, John Marvin"]
[Black "Jota, Jonathan"]
[Result "1-0"]
[WhiteElo "1882"]
[BlackElo "2176"]
[PlyCount "97"]
[EventDate "2015.11.17"]
[EventType "swiss"]
[EventRounds "9"]
[EventCountry "PHI"]
[SourceTitle "EXT 2017"]
[Source "ChessBase"]
[SourceDate "2016.10.25"]
[SourceVersion "1"]
[SourceVersionDate "2016.10.25"]
[SourceQuality "1"]

1. e4 e6 2. d4 d5 3. Nc3 dxe4 4. Nxe4 Bd7 5. Nf3 Bc6 6. Bd3 Nd7 7. 0-0 Ngf6 8. Ng3 Be7 9. c3 0-0 10. Re1 Re8 11. Bc2 Bxf3 12. Qxf3 c6 13. Nh5 Nxh5 14. Qxh5 Nf8 15. Be3 Bf6 16. Qh3 Qa5 17. Bb3 Rad8 18. Rad1 Qb5 19. Bc1 Re7 20. Qg4 Red7 21. g3 a5 22. Bc2 Qd5 23. Bb3 Qb5 24. h4 a4 25. Bc2 a3 26. b3 c5 27. Bxa3 cxd4 28. Bxf8 Kxf8 29. cxd4 Qa5 30. Rf1 Qxa2 31. Bxh7 Qxb3 32. d5 Rxd5 33. Rb1 Bb2 34. h5 Rd2 35. Qf4 Qc3 36. Rfe1 Qd4 37. Be4 b5 38. Kg2 b4 39. Re3 e5 40. Qf3 Kg8 41. h6 gxh6 42. Rh1 Qb6 43. Qg4+ Kf8 44. Rf3 R8d6 45. Qf5 Qc7 46. Qh7 Qd7 47. Rxh6 Rxh6 48. Qxh6+ Ke8 49. Bc6 1-0

[Event "Olongapo City Puregold op-B"]
[Site "Olongapo City"]
[Date "2015.11.17"]
[Round "1"]
[White "Jota, Jonathan"]
[Black "Quizon, Daniel"]
[Result "1/2-1/2"]
[WhiteElo "2176"]
[BlackElo "1661"]
[PlyCount "89"]
[EventDate "2015.11.17"]
[EventType "swiss"]
[EventRounds "9"]
[EventCountry "PHI"]
[SourceTitle "EXT 2017"]
[Source "ChessBase"]
[SourceDate "2016.10.25"]
[SourceVersion "1"]
[SourceVersionDate "2016.10.25"]
[SourceQuality "1"]

1. b3 Nf6 2. Bb2 g6 3. Bxf6 exf6 4. c4 f5 5. Nc3 Bg7 6. Rc1 0-0 7. g3 c6 8. Bg2 d6 9. e3 Nd7 10. Nge2 Nb6 11. 0-0 a5 12. d4 Re8 13. Qc2 Be6 14. Rfd1 d5 15. Na4 Nxa4 16. bxa4 dxc4 17. Nc3 Qf6 18. Rb1 Rab8 19. Rb6 Qe7 20. Qb2 Qc7 21. Rb1 Bf8 22. Bxc6 Rec8 23. Bxb7 Rd8 24. Rb5 Bd7 25. Rb6 Be6 26. Rb5 Bd7 27. Bg2 Bxb5 28. axb5 Bb4 29. a4 Qd6 30. Qc2 Rdc8 31. Na2 c3 32. Nc1 Kg7 33. Nd3 f6 34. Bf1 Ra8 35. Bg2 Rab8 36. Nf4 Ba3 37. Rb3 Bb4 38. h4 Rc7 39. Bf1 Rbc8 40. Rb1 Rb8 41. Rd1 Ba3 42. d5 Rd8 43. Rd4 Kh6 44. Rd3 Bb4 45. Rd4 1/2-1/2